| 000 | 00635nam a2200217Ia 4500 | ||
|---|---|---|---|
| 008 | 150520s9999 xx 000 0 und d | ||
| 050 | _aLC 4001 | ||
| 050 | _b.K16 2015 | ||
| 100 | _aKang, Ye Jeong. | ||
| 245 | _aTechniques used by teachers in teaching mathematics to students with hearing impairment / | ||
| 245 | _cYe Jeong Kang. | ||
| 260 | _aLas PiƱas, Philippines : | ||
| 260 | _bSISC, | ||
| 260 | _c2015. | ||
| 300 | _a49 pages : | ||
| 300 | _billustrations ; | ||
| 300 | _c28 cm. | ||
| 500 | _aIncludes bibliographical references and appendices. | ||
| 650 | _aChildren with disabilities | ||
| 650 | _xEducation | ||
| 999 |
_c284075 _d284075 |
||